logo

Bir Sreshtho Munshi Abdur Rouf Library
Jhenaidah Cadet College

রাজনীতি ও সংস্কৃতি সম্ভাবনার নব দিগন্ত / (Record no. 7734)

MARC details
000 -LEADER
fixed length control field 00760nam a2200217 a 4500
001 - CONTROL NUMBER
JCCL Control Number 7734
003 - CONTROL NUMBER IDENTIFIER
JCCL marc code BD-JhCC
005 - DATE AND TIME OF LATEST TRANSACTION
control field 20180311101931.0
008 - FIXED-LENGTH DATA ELEMENTS--GENERAL INFORMATION
fixed length control field 180213b2002 bg |||| ||a| 000 0 ben d9848193310
035 ## - SYSTEM CONTROL NUMBER
system control number (BD-JhCC) 7734
040 ## - CATALOGING SOURCE
Original cataloging agency BD-JhCC
Modifying agency BD-JhCC
041 ## - LANGUAGE CODE
Language code of Book ben
082 ## - DEWEY DECIMAL CLASSIFICATION NUMBER
Classification number 320
Author mark and Year HAQ 2002
100 ## - MAIN ENTRY--PERSONAL NAME
Personal name হক, আবুল কাসেম ফজলুল
245 ## - TITLE STATEMENT
Title রাজনীতি ও সংস্কৃতি সম্ভাবনার নব দিগন্ত /
Statement of responsibility, etc আবুল কাসেম ফজলুল হক
260 ## - PUBLICATION, DISTRIBUTION, ETC. (IMPRINT)
Place of publication, distribution, etc ঢাকা :
Name of publisher, distributor, etc এ্যাডর্ন পাবলিকেশন ঢাকা ,
Date of publication, distribution, etc 2002
300 ## - PHYSICAL DESCRIPTION
Pagination 143 p .:
Dimensions 22 cm
650 ## - SUBJECT ADDED ENTRY--TOPICAL TERM
Topical term or geographic name as entry element Political Science
942 ## - ADDED ENTRY ELEMENTS (KOHA)
Source of classification or shelving scheme Dewey Decimal Classification
Koha item type Books
Holdings
Source of classification or shelving scheme Damaged status Not for loan Home library Current library Shelving location Date of accession Cost, normal purchase price Total Checkouts Full call number Barcode Date last seen Copy number Koha item type
Dewey Decimal Classification     JCC Rouf Library JCC Rouf Library General Stacks 02/13/2018 150.00   320 HAQ 2002 10040 02/13/2018 C - 1 Books

JCC Library | Contacts | JCC Home

Last Update on 23 September 2017
Copyright @ 2017-2020 JCC Rouf Library
Rouf Library, Jhenidah Cadet College (JCC), Bangladesh